=LDR 00000nam 2200000 4500 =001 INLIS000000000030119 =005 20161007113839.0 =006 =007 =008 Ind =035 ##$$0010-061300000030119 =041 ##$$a Ind =082 ##$$a 2X4.74 =090 ##$$a 2X4.74 Maz m =100 ##$$a Mazhahiri, Husain =245 ##$$a Menelusuri makna jihad, Husain Mazhahiri =260 ##$$a 2000 $b Jakarta =300 ##$$a x, 280 hlm, 22 cm =650 ##$$a Jihad =850 ##$$a NBPNMAT =990 ##$$a 0001/BPAP-NTB/2016